| 000 | 00887cam a2200241 a 4500 | ||
|---|---|---|---|
| 001 | 15415797 | ||
| 005 | 20260428165808.0 | ||
| 008 | 080818s2010 caua b 001 0 eng | ||
| 020 |
_a9781412957984 _qpbk. : alk. paper |
||
| 020 |
_a1412957982 _qpbk. : alk. paper |
||
| 050 | 0 | 0 |
_aHB615 _b.H576 2010 |
| 082 | 0 | 0 |
_a658/.049 _222 |
| 100 | 1 | _aHisrich, Robert D. | |
| 245 | 1 | 0 |
_aInternational entrepreneurship : _bstarting, developing, and managing a global venture / _cRobert D. Hisrich. |
| 260 |
_aLos Angeles : _bSAGE, _cc2010. |
||
| 300 |
_axiii, 623 p. : _bill. ; _c26 cm. |
||
| 650 | 0 | _aEntrepreneurship. | |
| 650 | 0 | _aInternational business enterprises. | |
| 650 | 0 |
_aEntrepreneurship _vCase studies. |
|
| 650 | 0 |
_aInternational business enterprises _vCase studies. |
|
| 856 | 4 | 1 |
_3Table of contents only _uhttp://www.loc.gov/catdir/toc/ecip0826/2008034488.html |
| 942 |
_2lcc _cBK _n0 |
||
| 999 |
_c9711 _d9711 |
||